| 000 | 00000nam##2200000za#4500 |
| 001 | 9.606307 |
| 003 | CaOODSP |
| 005 | 20210624212548 |
| 007 | cr ||||||||||| |
| 008 | 150406|1984||||xxc|||||o f|0| 0 fre|d |
| 022 | |a1488-5468 |
| 040 | |aCaOODSP|bfre |
| 043 | |an-cn--- |
| 086 | 1 |aFs97-4/1804F-PDF |
| 110 | 1 |aCanada. |bMinistère des pêches et des océans. |
| 245 | 10|aProspection sommaire de quelques habitats d'omble chevalier Salvelinus alpinus (Linné) du Québec méridional / |h[ressource électronique]|cpar R. Le Jeune, B.P. Harvey et Y. Vigneault. |
| 260 | |aQuébec - Québec : |bPêches et Océans Canada |cDécembre 1984. |
| 300 | |a57p.|bgraphiques, carte, tableaux |
| 490 | 1 |aRapport manuscrit canadien des sciences halieutiques et aquatiques|x1488-5468|vN° 1804 |
| 500 | |aLe n° de catalogue (Fs97-4/1804F) et l'ISSN (0706-6589) de l'édition imprimée ont été incorrectement copiés dans l'édition électronique. |
| 504 | |aBibliographie. |
| 546 | |a(Abstracts in English). |
| 590 | |a13-27-Supp|b2013-11-15 |
| 691 | 07|aGestion des pêches|2gcpds |
| 691 | 07|aLac|2gcpds |
| 691 | 07|aPoisson de mer|2gcpds |
| 720 | 1 |aVigneault, Y. |
| 720 | 1 |aLe Jeune, R. |
| 720 | 1 |aHarvey, B. P. |
| 830 | #0|aRapport manuscrit canadien des sciences halieutiques et aquatiques,|x1488-5468|vN° 1804|w(CaOODSP)9.501611 |
| 856 | 40|ahttp://publications.gc.ca|qPDF|s2.98 Mo|uhttps://publications.gc.ca/collections/collection_2013/mpo-dfo/Fs97-4-1804-fra.pdf|yN° 1804 |